000
00301nam a2200109Ia 4500
008
220204s9999 xx 000 0 und d
082
_a
065
_b
JAC
100
_a
Jackson, David
245
0
_a
Cell system of production: An effective organisation structure
260
_a
London
_b
Business
_c
1978
942
_c
BK
999
_c
32357
_d
32357